Normale Ansicht MARC-Ansicht ISBD

Tort, custom, and karma (Titelsatznr. 68143)

[ MARC ]
MARC-Details
000 -Satzkennung
Kontrollfeld mit fester Länge 01703nad a2200433 a 4500
001 - Kontrollnummer
Kontrollfeld MIU01000000000000012353900
003 - Kontrollnummer Identifier
Kontrollfeld MiU
005 - Datum und Zeit der letzten Transaktion
Kontrollfeld 20231010141511.0
007 - Feld mit fester Länge zur physischen Beschreibung - Allgemeine Information
Kontrollfeld mit fester Länge cr mnummmmuuuu
008 - Feld mit fester Länge zur physischen Beschreibung - Allgemeine Angaben
Kontrollfeld mit fester Länge 090825s2010 caua sb 001 0 eng d
024 7# - Anderer Standardidentifier
Standardnummer oder Code 2027/heb31281
Quelle der Nummer oder des Codes hdl
040 ## - Katalogisierungsquelle
Original-Katalogisierungsstelle NyNyACL
Übertragungsstelle NyNyACL
090 ## - LOCALLY ASSIGNED LC-TYPE CALL NUMBER (OCLC); LOCAL CALL NUMBER (RLIN)
Notation (OCLC) (R) ; Notation, CALL (RLIN) (NR) KPT834
Local cutter number (OCLC) ; Book number/undivided call number, CALL (RLIN) (INTERNET)
041 ## - Sprachcode
Sprachcode des Textes/der Tonspur oder des separaten Titels eng
100 1# - Haupteintragung - Personenname
Personenname Engel, David M.
Koha-Normdatenidentnummer 50299
245 10 - Titel
Titel Tort, custom, and karma
Medium [electronic resource] :
Zusatz zum Titel globalization and legal consciousness in Thailand /
Verfasserangabe etc. David M. Engel and Jaruwan S. Engel.
264 ## - Produktion, Veröffentlichung, Distribution, Herstellung und Urheberrechtsvermerk
Herstellungs-, Veröffentlichungs- Vertriebs-, Erzeugungsort Stanford, Calif. :
Produzent, Herausgeber, Distributor, Hersteller Stanford Law Books,
Datum der Herstellung, der Veröffentlichung, des Vertriebs oder des Urheberschutzvermerks c2010.
300 ## - Physische Beschreibung
Umfang xiii, 190 p. :
Andere physische Details ill. ;
Maße 23 cm.
336 ## - Inhaltstyp
Quelle rdacontent
Inhaltstypcode txt
Inhaltstypterm Text
337 ## - Medientyp
Quelle rdamedia
Medientypcode bc
Bezeichnung des Medientyps Computermedien
338 ## - Datenträgertyp
Quelle rdacarrier
Datenträgertypcode cr
Datenträgertypbezeichnung Online Ressource
490 1# - Gesamttitelangabe
Gesamttitelangabe Cultural lives of law
504 ## - Fußnote zu Literaturverzeichnissen usw.
Fußnote zu Bibliographien usw. Includes bibliographical references and index.
505 0# - Fußnote zu strukturierten Inhaltsangaben
Fußnote zu strukturierten Inhaltsangaben Buajan's injury narrative -- Chiangmai : a history of globalizations -- State law and the law of sacred centers -- Injury practices in a transformed society -- Litigation -- Justice -- Ming's injury narrative.
500 ## - Allgemeine Fußnote
Allgemeine Fußnote E-Book-ACLS / Zugriff nur im DHI-Lesesaal
500 ## - Allgemeine Fußnote
Allgemeine Fußnote American Council of Learned Societies/ https://www.humanitiesebook.org/about/
650 #0 - Nebeneintragung unter einem Schlagwort - Sachschlagwort
Geografische Unterteilung Thailand.
Koha-Normdatenidentnummer 50300
650 #0 - Nebeneintragung unter einem Schlagwort - Sachschlagwort
Geografische Unterteilung Thailand.
Koha-Normdatenidentnummer 50300
650 #0 - Nebeneintragung unter einem Schlagwort - Sachschlagwort
Geografische Unterteilung Thailand.
Koha-Normdatenidentnummer 50300
653 ## - Indexierungsterm - Nicht normiert
Nicht-normierter Term Torts
653 ## - Indexierungsterm - Nicht normiert
Nicht-normierter Term Law and globalization
653 ## - Indexierungsterm - Nicht normiert
Nicht-normierter Term Buddhism and law
653 ## - Indexierungsterm - Nicht normiert
Nicht-normierter Term Culture and law.
700 1# - Nebeneintragung - Personenname
Personenname Engel, Jaruwan S.
Koha-Normdatenidentnummer 50301
830 #0 - Nebeneintragung unter dem Gesamttitel - Einheitstitel
Einheitstitel Cultural lives of law.
Koha-Normdatenidentnummer 50302
830 #0 - Nebeneintragung unter dem Gesamttitel - Einheitstitel
Einheitstitel ACLS Humanities E-Book.
Koha-Normdatenidentnummer 50303
856 40 - Elektronische Adresse und Zugriff
OPAC-Notiz Volltext
URL <a href="https://hdl.handle.net/2027/heb31281">https://hdl.handle.net/2027/heb31281</a>
942 ## - Zusätzliche Felder (Koha)
Koha-Medientyp E-Books
Exemplare
Ausgeschieden Verloren Beschädigt Nicht entleihbar Heimatbibliothek Aufenthaltsbibliothek Aufstellungsort Erwerbungsdatum Inventarnummer Signatur Barcode Letzte Aktivität Preis gültig von Koha-Medientyp
        MWN Osteuropa MWN Osteuropa Online-Ressource 10/10/2023 23-e0ACLS E-23-e0ACLS 70978 10/10/2023 10/10/2023 E-Books